kENYA 1999 Population and Housing Census (Record no. 175)

MARC details
000 -LEADER
fixed length control field 00469nam a22001457a 4500
008 - FIXED-LENGTH DATA ELEMENTS--GENERAL INFORMATION
fixed length control field 230602b xxu||||| |||| 00| 0 eng d
082 ## - DEWEY DECIMAL CLASSIFICATION NUMBER
Edition number 304.6096762
Item number KEN
110 ## - MAIN ENTRY--CORPORATE NAME
Subordinate unit Central Bureau of Statistics
245 ## - TITLE STATEMENT
Title kENYA 1999 Population and Housing Census
Remainder of title Analytical Report on Labour Force
250 ## - EDITION STATEMENT
Edition statement Volume IX
260 ## - PUBLICATION, DISTRIBUTION, ETC. (IMPRINT)
Place of publication, distribution, etc. Nairobi, Kenya
Name of publisher, distributor, etc. Central Bureau of Statistics ,Ministry of Finance and Planning
Date of publication, distribution, etc. 2002
300 ## - PHYSICAL DESCRIPTION
Extent VIII,60p
440 ## - SERIES STATEMENT/ADDED ENTRY--TITLE
Volume/sequential designation IX
942 ## - ADDED ENTRY ELEMENTS (KOHA)
Source of classification or shelving scheme Dewey Decimal Classification
Koha item type Books
Holdings
Withdrawn status Lost status Source of classification or shelving scheme Damaged status Not for loan Home library Current library Date acquired Total Checkouts Full call number Barcode Date last seen Price effective from Koha item type
    Dewey Decimal Classification     Bunge Tower Library Bunge Tower Library 06/02/2023   KEN 10014986 06/02/2023 06/02/2023 Books
LIBRARY OPENING HOURS

When the Parliament is sitting: 8.00a.m - 7.00p.m or until the house adjourns
Mondays and Fridays and when the House is on Recess:  8.00a.m - 5.00p.m
Closed on Weekends and Public Holidays

Online Public Access Catalog (OPAC)
Website: http://www.parliament.go.ke
Bunge Library: https://libraryir.parliament.go.ke
Contact: library@parliament.go.ke | Tel no: (254-2)2221291 or 2848000 Ext 5043